Hangverseny és művészestély
Správa o tom, že v v dňoch 3.-4.02.1914 bude v Humennom varietné predstavenie spojené s koncertom na ktorom vystúpia rôzni umelcio.i. Lorenzo de Aya (profesor konzervatória a huslový virtuóz).
| Médium: | Článok |
|---|---|
| Jazyk: | Hungarian |
| Témy: | |
| Zdroj: |
1. Homonna és Vidéke : Hetilap 1. Roč. 14, č. 5 (01.02.1914) s. 2 |
| LEADER | 00928nab#a2200301#ar4500 | ||
|---|---|---|---|
| 001 | 000072285 | ||
| 003 | SVKKK | ||
| 005 | 20020607xxxxxxx. | ||
| 008 | 06 c xo huno | ||
| FMT | |||
| 038 | |a SVKKK | ||
| 040 | |a SVKKK |b slo |e AACR2 | ||
| 041 | 0 | |a hun | |
| 044 | |a xo |c SK | ||
| 080 | |a 792.7 | ||
| 242 | 1 | 0 | |a Koncert a umelecký večierok |
| 245 | 0 | 0 | |a Hangverseny és művészestély |
| 500 | |a mikrofilm | ||
| 520 | 2 | |a Správa o tom, že v v dňoch 3.-4.02.1914 bude v Humennom varietné predstavenie spojené s koncertom na ktorom vystúpia rôzni umelcio.i. Lorenzo de Aya (profesor konzervatória a huslový virtuóz). | |
| 650 | 0 | 4 | |a predstavenia varietné - Humenné - 3.-4.02.1914 - správy |
| 773 | 0 | |t Homonna és Vidéke : Hetilap |g Roč. 14, č. 5 (01.02.1914) s. 2 | |
| 957 | |a Humenné | ||
| 958 | |a DG | ||
| 958 | |a SK | ||
| 974 | |a Ba |d 20020607 | ||
| 992 | |a RBX | ||
| BAS | |||
| 998 | |a RETRO | ||